书目信息 |
| 题名: |
火力发电厂金属监督
|
|
| 作者: | 赵永宁 , 邱玉堂 编 | |
| 分册: | ||
| 出版信息: | 北京 中国电力出版社 2007.07 |
|
| 页数: | 235页 | |
| 开本: | 26cm | |
| 丛书名: | ||
| 单 册: | ||
| 中图分类: | TM621 | |
| 科图分类: | ||
| 主题词: | 火电厂--huo dian chang--金属材料--质量控制 | |
| 电子资源: | ||
| ISBN: | 978-7-5083-5447-7 | |
| 000 | 00953nam0 2200253 450 | |
| 001 | 012008452202 | |
| 005 | 20080525100834.71 | |
| 010 | @a978-7-5083-5447-7@dCNY29.00 | |
| 100 | @a20080525d2007 em y0chiy0120 ea | |
| 101 | 0 | @achi |
| 102 | @aCN@b110000 | |
| 105 | @aak a 000yy | |
| 106 | @ar | |
| 200 | 1 | @a火力发电厂金属监督@Ahuo li fa dian chang jin shu jian du@f赵永宁, 邱玉堂编@Fzhao yong ning,qiu yu tang bian |
| 210 | @a北京@c中国电力出版社@d2007.07 | |
| 215 | @a235页@c图@d26cm | |
| 320 | @a有书目 (第235页) | |
| 330 | @a本书以国家及部颁法规、标准、规程、导则、条例、制度等为依据,结合我国火力发电厂的实际情况,重点阐述火力发电厂锅炉、汽轮机的主要部件金属监督技术、质量控制与评定、常见金属缺陷和事故分析。 | |
| 606 | 0 | @a火电厂@Ahuo dian chang@x金属材料@x质量控制 |
| 690 | @aTM621@v4 | |
| 701 | 0 | @a赵永宁@Azhao yong ning@4编 |
| 701 | 0 | @a邱玉堂@Aqiu yu tang@4编 |
| 801 | 0 | @aCN@bQSSK@c20080525 |
| 905 | @b713430-32@dTM621@eZ344@f3 | |
| 火力发电厂金属监督/赵永宁, 邱玉堂编.-北京:中国电力出版社,2007.07 |
| 235页:图;26cm |
| ISBN 978-7-5083-5447-7:CNY29.00 |
| 本书以国家及部颁法规、标准、规程、导则、条例、制度等为依据,结合我国火力发电厂的实际情况,重点阐述火力发电厂锅炉、汽轮机的主要部件金属监督技术、质量控制与评定、常见金属缺陷和事故分析。 |
| ● |
| 相关链接 |
|
|
|
正题名:火力发电厂金属监督
索取号:TM621/Z344
 
预约/预借
| 序号 | 登录号 | 条形码 | 馆藏地/架位号 | 状态 | 备注 |
| 1 | 713430 | 207134304 | 期刊室512/301自科库 10排3列3层/ [索取号:TM621/Z344] | 在馆 | |
| 2 | 713431 | 207134313 | 期刊室512/301自科库 10排3列3层/ [索取号:TM621/Z344] | 在馆 | |
| 3 | 713432 | 207134322 | 自科库301/301自科库 15排1列4层/ [索取号:TM621/Z344] | 在馆 |